01086nam a2200289 a 450000100060000000300080000600500170001400600190003100700150005000800410006503500210010604000260012705000190015308200120017210000320018422200480021624501540026426000320041830000100045036200170046053301640047765000240064165000230066565500270068871000190071585600620073474253FlNmELB20241217143535.0m o d | cr cn|||||||||210112s2002 ag o 000 0 spa d a(OCoLC)955350990 aFlNmELBbspacFlNmELB 4aK1bG6439 200204a3002221 aGonzález Bernaldo, Pilar. 0aHistoria de la vida privada en la Argentina10aVida privada y vínculos comunitarios: :bformas de sociabilidad popular en Buenos Aires, primera mitad del siglo XIX /cPilar González Bernaldo. aArgentina :bTaurus,c2002. a24 p.0 aNo. 1(2002)- aRecurso electrónico. Santa Fe, Arg.: e-libro, 2015. Disponible vía World Wide Web. El acceso puede estar limitado para las bibliotecas afiliadas a e-libro. 4aHistoria.xGeneral. 4aHistory.xGeneral. 4aLibros electrónicos.2 ae-libro, Corp.40uhttps://elibro.net/ereader/politecnicointernacional/27796